000 00313nam a22001337a 4500
008 170204b xxu||||| |||| 00| 0 eng d
020 _a9781111543273
041 _aeng
080 _27TH
_a61
100 _a3
101 _aSHM
245 _aMEDICAL TERMINOLOGY FOR HEALTH PROFESSIONS
_cEHRLICH, A
942 _2udc
_cBK
999 _c4565
_d4565